Súčasné tendencie cenového vývoja a úroveň životných nákladov v SR Príloha Hospodárskych novín
Rast cien a vývoj životných nákladov v SR do 30. 7. 1996 v porovnaní s rovnakým obdobím predchádzajúceho roka. Vývoj miery inflácie, spotrebiteľských a výrobných cien a cien poľnohospodárskych výrobkov v SR. Monitor ukazovateľov hospodárskeho vývoja SR.
Enregistré dans:
| Format: | Chapitre de livre |
|---|---|
| Langue: | slovaque |
| Sujets: | |
| Tags: |
Pas de tags, Soyez le premier à ajouter un tag!
|
MARC
| LEADER | 00000naa a2200000 4500 | ||
|---|---|---|---|
| 001 | r021745 | ||
| 005 | 20230801105303.9 | ||
| 041 | 0 | |a slo | |
| 044 | |a SK | ||
| 245 | 1 | 0 | |a Súčasné tendencie cenového vývoja a úroveň životných nákladov v SR |b Príloha Hospodárskych novín |
| 520 | |a Rast cien a vývoj životných nákladov v SR do 30. 7. 1996 v porovnaní s rovnakým obdobím predchádzajúceho roka. Vývoj miery inflácie, spotrebiteľských a výrobných cien a cien poľnohospodárskych výrobkov v SR. Monitor ukazovateľov hospodárskeho vývoja SR. | ||
| 610 | 2 | 0 | |a Slovensko |
| 610 | 2 | 0 | |a 1995 |
| 610 | 2 | 0 | |a 1996 |
| 610 | 2 | 0 | |a náklady životné |
| 610 | 2 | 0 | |a mzdy |
| 610 | 2 | 0 | |a ceny spotrebiteľské |
| 610 | 2 | 0 | |a ceny výrobné |
| 610 | 2 | 0 | |a miera inflácie |